<?xml version="1.0" encoding="UTF-8"?>
<record
    xmlns:xsi="http://www.w3.org/2001/XMLSchema-instance"
    xsi:schemaLocation="http://www.loc.gov/MARC21/slim http://www.loc.gov/standards/marcxml/schema/MARC21slim.xsd"
    xmlns="http://www.loc.gov/MARC21/slim">

  <leader>02261nam a2200313 a 4500</leader>
  <controlfield tag="003">DO-SdBNP</controlfield>
  <controlfield tag="005">20250502093208.0</controlfield>
  <controlfield tag="007">ta</controlfield>
  <controlfield tag="008">211123b2019    dr ac||| |||| 00| 0 spa d</controlfield>
  <datafield tag="020" ind1=" " ind2=" ">
    <subfield code="a">9789945804393</subfield>
  </datafield>
  <datafield tag="040" ind1=" " ind2=" ">
    <subfield code="a">DO-SdBNP</subfield>
    <subfield code="b">spa</subfield>
    <subfield code="c">BNPHU</subfield>
  </datafield>
  <datafield tag="082" ind1=" " ind2="4">
    <subfield code="a">927.826</subfield>
    <subfield code="b">D159L, 2019</subfield>
    <subfield code="2">22</subfield>
  </datafield>
  <datafield tag="100" ind1="1" ind2=" ">
    <subfield code="a">L&#xF3;pez Reyes, Oscar,</subfield>
    <subfield code="d">1952-</subfield>
    <subfield code="9">11261</subfield>
  </datafield>
  <datafield tag="245" ind1="1" ind2="0">
    <subfield code="a">Casandra Damir&#xF3;n :</subfield>
    <subfield code="b">vida y canto /</subfield>
    <subfield code="c">Oscar L&#xF3;pez Reyes ; pr&#xF3;logo Jos&#xE9; Andr&#xE9;s Moreta Damir&#xF3;n.</subfield>
  </datafield>
  <datafield tag="250" ind1=" " ind2=" ">
    <subfield code="a">3ra. ed. </subfield>
  </datafield>
  <datafield tag="260" ind1=" " ind2=" ">
    <subfield code="a">Santo Domingo :</subfield>
    <subfield code="b">B&#xFA;ho, </subfield>
    <subfield code="c">2019.</subfield>
  </datafield>
  <datafield tag="300" ind1=" " ind2=" ">
    <subfield code="a">189 p. :</subfield>
    <subfield code="b">il., retrs. ;</subfield>
    <subfield code="c">23 cm.</subfield>
  </datafield>
  <datafield tag="500" ind1=" " ind2=" ">
    <subfield code="a">Incluye datos biogr&#xE1;ficos del autor en la solapa.</subfield>
  </datafield>
  <datafield tag="504" ind1=" " ind2=" ">
    <subfield code="a">Bibliograf&#xED;a : p. 188-189</subfield>
  </datafield>
  <datafield tag="505" ind1="0" ind2=" ">
    <subfield code="a">Pr&#xF3;logo (A las &#xFA;ltimas ediciones) -- Pr&#xF3;logo (A la primera edici&#xF3;n) -- Introducci&#xF3;n -- Advenimiento a la vida -- Bayonetas, riquezas y belleza -- Carrera art&#xED;stica -- A 6 a&#xF1;os canta en escuela e iglesia -- Un debut de proyecciones exitosas -- La Voz del Yuna, hacia el estrellato -- Primera temporada fuera de su suelo -- Alborozos y funci&#xF3;n en Barahona -- El arte plantea uni&#xF3;n matrimonial -- Reviste de esplendor bailes t&#xED;picos -- &#xA1;Albricias!, aviva en CMQ, La Habana -- Huellas rutilantes en dos d&#xE9;cadas -- Programa de TV, ense&#xF1;anza y discos -- La chismosa y una orden de ultraje -- Amorosa, consejera y dominicanista -- En el ocaso de su vida -- Faenas entre el hogar y las danzas -- Madrugada con soledad paciente... Final -- Testimonios de figuras en su despedida -- Voces de los diarios dominicanos -- Placas, copas y pergaminos -- Expresiones de reconocimientos y afectos -- M&#xFA;sica e identidad nacional -- Estilizaci&#xF3;n de la danza t&#xED;pica -- Protagonista del siglo XX y herencia -- Sobredimensionada tras su partida -- Herencia biol&#xF3;gica y satisfacci&#xF3;n --Fotograf&#xED;as -- Citas bibliogr&#xE1;ficas -- Consultas a personas y medios.</subfield>
  </datafield>
  <datafield tag="590" ind1=" " ind2=" ">
    <subfield code="a">Inventariado, 2021 /LP

</subfield>
  </datafield>
  <datafield tag="600" ind1=" " ind2="0">
    <subfield code="a">Damir&#xF3;n, Casandra,</subfield>
    <subfield code="d">1919-1983</subfield>
    <subfield code="9">34233</subfield>
  </datafield>
  <datafield tag="650" ind1=" " ind2="4">
    <subfield code="a">Artistas dominicanos</subfield>
    <subfield code="9">34234</subfield>
    <subfield code="v">Biografias</subfield>
  </datafield>
  <datafield tag="650" ind1=" " ind2="4">
    <subfield code="a">Cantantes dominicanos</subfield>
    <subfield code="v">Biograf&#xED;as</subfield>
    <subfield code="9">83430</subfield>
  </datafield>
  <datafield tag="700" ind1="1" ind2=" ">
    <subfield code="a">Jim&#xE9;nez Jim&#xE9;nez, Manuel,</subfield>
    <subfield code="e">pr&#xF3;l.</subfield>
    <subfield code="9">34235</subfield>
  </datafield>
  <datafield tag="700" ind1="1" ind2=" ">
    <subfield code="a">Moreta Damir&#xF3;n, Jos&#xE9; Andr&#xE9;s,</subfield>
    <subfield code="e">pr&#xF3;l.</subfield>
    <subfield code="9">34236</subfield>
  </datafield>
  <datafield tag="910" ind1=" " ind2=" ">
    <subfield code="a">Lop&#xE9;rez./Validado. Control de calidad MFF</subfield>
  </datafield>
  <datafield tag="942" ind1=" " ind2=" ">
    <subfield code="2">ddc</subfield>
    <subfield code="c">LBS1</subfield>
  </datafield>
  <datafield tag="952" ind1=" " ind2=" ">
    <subfield code="0">0</subfield>
    <subfield code="1">0</subfield>
    <subfield code="2">ddc</subfield>
    <subfield code="5">1</subfield>
    <subfield code="7">0</subfield>
    <subfield code="8">PD</subfield>
    <subfield code="a">BNPHU</subfield>
    <subfield code="b">BNPHU</subfield>
    <subfield code="c">HD</subfield>
    <subfield code="d">2021-11-23</subfield>
    <subfield code="e">Dep&#xF3;sito Legal </subfield>
    <subfield code="o">BNPHU PD 927.826 D159L 2019</subfield>
    <subfield code="p">2021-28291</subfield>
    <subfield code="r">2021-11-23</subfield>
    <subfield code="w">2021-11-23</subfield>
    <subfield code="y">LBS1</subfield>
  </datafield>
  <datafield tag="952" ind1=" " ind2=" ">
    <subfield code="0">0</subfield>
    <subfield code="1">0</subfield>
    <subfield code="2">ddc</subfield>
    <subfield code="5">1</subfield>
    <subfield code="7">0</subfield>
    <subfield code="8">PD</subfield>
    <subfield code="a">BNPHU</subfield>
    <subfield code="b">BNPHU</subfield>
    <subfield code="c">HD</subfield>
    <subfield code="d">2021-11-23</subfield>
    <subfield code="e">Dep&#xF3;sito Legal </subfield>
    <subfield code="o">BNPHU PD 927.826 D159L 2019</subfield>
    <subfield code="p">2021-28292</subfield>
    <subfield code="r">2021-11-23</subfield>
    <subfield code="t">e.2</subfield>
    <subfield code="w">2021-11-23</subfield>
    <subfield code="y">LBS1</subfield>
  </datafield>
  <datafield tag="952" ind1=" " ind2=" ">
    <subfield code="0">0</subfield>
    <subfield code="1">0</subfield>
    <subfield code="2">ddc</subfield>
    <subfield code="5">6</subfield>
    <subfield code="7">0</subfield>
    <subfield code="8">DS</subfield>
    <subfield code="a">BNPHU</subfield>
    <subfield code="b">BNPHU</subfield>
    <subfield code="c">HD</subfield>
    <subfield code="d">2021-11-23</subfield>
    <subfield code="e">Dep&#xF3;sito Legal </subfield>
    <subfield code="o">BNPHU DS 927.826 D159L 2019</subfield>
    <subfield code="p">2021-28293</subfield>
    <subfield code="r">2021-11-23</subfield>
    <subfield code="t">e.3</subfield>
    <subfield code="w">2021-11-23</subfield>
    <subfield code="y">LBS1</subfield>
  </datafield>
  <datafield tag="952" ind1=" " ind2=" ">
    <subfield code="0">0</subfield>
    <subfield code="1">0</subfield>
    <subfield code="2">ddc</subfield>
    <subfield code="5">6</subfield>
    <subfield code="7">0</subfield>
    <subfield code="8">DS</subfield>
    <subfield code="a">BNPHU</subfield>
    <subfield code="b">BNPHU</subfield>
    <subfield code="c">HD</subfield>
    <subfield code="d">2022-03-03</subfield>
    <subfield code="e">Donaci&#xF3;n</subfield>
    <subfield code="o">BNPHU DS 927.826 D159L 2019</subfield>
    <subfield code="p">2022-0846</subfield>
    <subfield code="r">2022-03-03</subfield>
    <subfield code="t">e.4</subfield>
    <subfield code="w">2022-03-03</subfield>
    <subfield code="y">LBS1</subfield>
  </datafield>
  <datafield tag="952" ind1=" " ind2=" ">
    <subfield code="0">0</subfield>
    <subfield code="1">0</subfield>
    <subfield code="2">ddc</subfield>
    <subfield code="5">6</subfield>
    <subfield code="7">0</subfield>
    <subfield code="8">DS</subfield>
    <subfield code="a">BNPHU</subfield>
    <subfield code="b">BNPHU</subfield>
    <subfield code="c">HD</subfield>
    <subfield code="d">2022-03-03</subfield>
    <subfield code="e">Donaci&#xF3;n</subfield>
    <subfield code="o">BNPHU DS 927.826 D159L 2019</subfield>
    <subfield code="p">2022-0847</subfield>
    <subfield code="r">2022-03-03</subfield>
    <subfield code="t">e.5</subfield>
    <subfield code="w">2022-03-03</subfield>
    <subfield code="y">LBS1</subfield>
  </datafield>
  <datafield tag="999" ind1=" " ind2=" ">
    <subfield code="c">51023</subfield>
    <subfield code="d">51023</subfield>
  </datafield>
</record>
